Visualizzazione normale
Vista MARC
- Spinelli Anna Rita
di Personal Name
Records bibliografici associati: 1
001 - CONTROL NUMBER
- control field: 51648
003 - CONTROL NUMBER IDENTIFIER
- control field: IT-RoPau
005 - DATE AND TIME OF LATEST TRANSACTION
- control field: 20151202174500.0
008 - FIXED-LENGTH DATA ELEMENTS
- fixed length control field: 151202|| aca||aabn | a|a d
040 ## - CATALOGING SOURCE
- Original cataloging agency: IT-RoPau
- Transcribing agency: IT-RoPau
100 ## - HEADING--PERSONAL NAME
- Personal name: Spinelli Anna Rita
- Relator term: (soggetto)
- Miscellaneous information: Codice Soggetto SPICS: 25379
670 ## - SOURCE DATA FOUND
- Source citation: Work cat.: (IT-RoPau)107325: De Andreis Luca Codice regista SPICS: 27798 51644, QUOTIDIANO IN CLASSE (IL)-1-SOLTANTO UNA MODA? QUOTIDIANO IN CLASSE (IL)-1-SOLTANTO UNA MODA? (Rif. Codice opera principale : 79223)